<?xml version="1.0" encoding="UTF-8"?><?xml-stylesheet type="text/xsl" href="static/style.xsl"?><OAI-PMH xmlns="http://www.openarchives.org/OAI/2.0/" xmlns:xsi="http://www.w3.org/2001/XMLSchema-instance" xsi:schemaLocation="http://www.openarchives.org/OAI/2.0/ http://www.openarchives.org/OAI/2.0/OAI-PMH.xsd"><responseDate>2026-04-17T12:47:52Z</responseDate><request verb="GetRecord" identifier="oai:www.recercat.cat:2445/11967" metadataPrefix="marc">https://recercat.cat/oai/request</request><GetRecord><record><header><identifier>oai:recercat.cat:2445/11967</identifier><datestamp>2025-12-05T04:21:45Z</datestamp><setSpec>com_2072_1057</setSpec><setSpec>col_2072_478809</setSpec><setSpec>col_2072_478917</setSpec><setSpec>col_2072_478940</setSpec></header><metadata><record xmlns="http://www.loc.gov/MARC21/slim" xmlns:dcterms="http://purl.org/dc/terms/" xmlns:xsi="http://www.w3.org/2001/XMLSchema-instance" xmlns:doc="http://www.lyncode.com/xoai" xsi:schemaLocation="http://www.loc.gov/MARC21/slim http://www.loc.gov/standards/marcxml/schema/MARC21slim.xsd">
   <leader>00925njm 22002777a 4500</leader>
   <datafield ind2=" " ind1=" " tag="042">
      <subfield code="a">dc</subfield>
   </datafield>
   <datafield ind2=" " ind1=" " tag="720">
      <subfield code="a">Beraldo, Sergi</subfield>
      <subfield code="e">author</subfield>
   </datafield>
   <datafield ind2=" " ind1=" " tag="720">
      <subfield code="a">Montolio, Daniel</subfield>
      <subfield code="e">author</subfield>
   </datafield>
   <datafield ind2=" " ind1=" " tag="720">
      <subfield code="a">Turati, Gilberto</subfield>
      <subfield code="e">author</subfield>
   </datafield>
   <datafield ind2=" " ind1=" " tag="260">
      <subfield code="c">2010-04-07T11:03:46Z</subfield>
   </datafield>
   <datafield ind2=" " ind1=" " tag="260">
      <subfield code="c">2010-04-07T11:03:46Z</subfield>
   </datafield>
   <datafield ind2=" " ind1=" " tag="260">
      <subfield code="c">2005</subfield>
   </datafield>
   <datafield ind2=" " ind1=" " tag="520">
      <subfield code="a">In this paper, we study how public and private expenditures in health and education affect economic growth by their influence on people's health, abilities, skills and knowledge. We consider a growth accounting framework in order to test whether welfare expenditures more than offset the efficiency losses caused by distortionary taxation, and whether the effects of public expenditure on economic growth differ from those of private expenditure. Our empirical analysis is based on a panel of 19 OECD countries observed between 1971 and 1998. The results are consistent with the hypothesis that the contribution of welfare expenditures more than compensates for the distortions caused by the tax system; and the estimated positive impact is stronger for health than for education. We also find some evidence that public expenditure influences GDP growth more than private expenditure.</subfield>
   </datafield>
   <datafield ind2=" " ind1=" " tag="520">
      <subfield code="a">- En este trabajo se estudia cómo el gasto público y privado en sanidad y educación afectan el crecimiento económico a través de su influencia en la salud, las habilidades y el conocimiento de los individuos. Se considera un modelo de contabilidad del crecimiento para verificar si los beneficios de los gastos sociales compensan las pérdidas de eficiencia generadas por la imposición; y si los efectos del gasto público difieren de los efectos del gasto privado. El análisis empírico se basa en un panel de 19 países de la OCDE estudiados entre el periodo de 1971 y 1998. Los resultados son consistentes con la hipótesis que afirma que la contribución del gasto social compensa las distorsiones causadas por los impuestos; y que el impacto positivo del gasto en sanidad es superior al observado para la educación. También se observa que el gasto público tiene un efecto superior sobre el crecimiento del PIB que el gasto privado</subfield>
   </datafield>
   <datafield tag="653" ind2=" " ind1=" ">
      <subfield code="a">Despesa pública</subfield>
   </datafield>
   <datafield tag="653" ind2=" " ind1=" ">
      <subfield code="a">Salut</subfield>
   </datafield>
   <datafield tag="653" ind2=" " ind1=" ">
      <subfield code="a">Estat del benestar</subfield>
   </datafield>
   <datafield tag="653" ind2=" " ind1=" ">
      <subfield code="a">Educació</subfield>
   </datafield>
   <datafield tag="653" ind2=" " ind1=" ">
      <subfield code="a">Public expenditures</subfield>
   </datafield>
   <datafield tag="653" ind2=" " ind1=" ">
      <subfield code="a">Health</subfield>
   </datafield>
   <datafield tag="653" ind2=" " ind1=" ">
      <subfield code="a">Welfare state</subfield>
   </datafield>
   <datafield tag="653" ind2=" " ind1=" ">
      <subfield code="a">Education</subfield>
   </datafield>
   <datafield ind2="0" ind1="0" tag="245">
      <subfield code="a">Healthy, educated and wealthy : Is the welfare state really harmful for growth?</subfield>
   </datafield>
</record></metadata></record></GetRecord></OAI-PMH>